|
|
|
|
| LEADER |
01019nab a2200301 i 4500 |
| 001 |
publ3048 |
| 005 |
20180618110138.0 |
| 008 |
130530s2012 hu o 0|| zxx d |
| 022 |
|
|
|a 0040-4020
|
| 024 |
7 |
|
|a doi: 10.1016/j.tet.2011.11.039
|2 doi
|
| 024 |
7 |
|
|a 1827804
|2 mtmt
|
| 040 |
|
|
|a SZTE Publicatio Repozitórium
|b hun
|
| 041 |
|
|
|a zxx
|
| 100 |
1 |
|
|a Vasas Andrea
|
| 245 |
1 |
0 |
|a Cyclomyrsinane and premyrsinane diterpenes from Euphorbia falcata modulate resistance of cancer cells to doxorubicin
|h [elektronikus dokumentum] /
|c Vasas Andrea
|
| 260 |
|
|
|a Elsevier
|c 2012
|
| 300 |
|
|
|a 1280-1285
|
| 490 |
0 |
|
|a Tetrahedron
|v 68 No. 4
|
| 700 |
0 |
1 |
|a Sulyok Edvárd István
|e aut
|
| 700 |
0 |
1 |
|a Martins Ana
|e aut
|
| 700 |
0 |
1 |
|a Rédei Dóra
|e aut
|
| 700 |
0 |
1 |
|a Forgó Péter
|e aut
|
| 700 |
0 |
1 |
|a Kele Zoltán
|e aut
|
| 700 |
0 |
1 |
|a Zupkó István
|e aut
|
| 700 |
0 |
1 |
|a Molnár József
|e aut
|
| 700 |
0 |
1 |
|a Pinke Gyula
|e aut
|
| 700 |
0 |
1 |
|a Hohmann Judit
|e aut
|
| 856 |
4 |
0 |
|u http://publicatio.bibl.u-szeged.hu/3048/7/3048.pdf
|z Dokumentum-elérés
|